000 00372nam a2200133Ia 4500
008 200619s9999 xx 000 0 und d
020 _a9800000000000
100 _aEngineer Asghar Ali
245 0 _aMuslim Minority Continuity & Change
264 _bGyan Publishing House
_c2008
300 _a208
942 _cIR
999 _c120366
_d120366